00854 2200313 4500001002100000005001500021035002000036007000300056040001700059100002700076245006900103250001000172300003500182020001800217041000800235082001100243084001700254090002400271264004400295336002100339337003000360338002300390650001300413850001000426008004100436990002100477990002100498990002100519INLIS00000000000902820260511094904 a0010-1022000403ta aSBPUPADbind0 aMark PowellePengarang1 aIn-Line Skating :bSelancar Roda Sebaris Dan Hoki /cMark Powell acet.1 axii, 90 hlm. :bilus. ;c26 cm a979-421-529-5 aind a797.32 a797.32 MAR s a797.32 MAR s 23 -9 aJakarta :bRajaGraffindo Persada,c1996 2rdacontentateks 2rdamediaatanpa perantara 2rdacarrieravolume 4aolahraga aPUPAD260511 0  a615/Br/KAPD/2011 a613/Br/KAPD/2011 a614/Br/KAPD/2011